Autores selectos de la mas pura latinidad
Salvato in:
| Natura: | Libro |
|---|---|
| Lingua: | spagnolo |
| Pubblicazione: |
París
Garnier Hermanos
1903
|
| Soggetti: | |
| Tags: |
Aggiungi Tag
Nessun Tag, puoi essere il primo ad aggiungerne!!
|
MARC
| LEADER | 00000nam a2200000 a 4500 | ||
|---|---|---|---|
| 001 | UCY9133 | ||
| 003 | CL-VaPUC | ||
| 008 | 950713e19030000FR |||||||||||||||||spa|d | ||
| 082 | 0 | 4 | |a 470.07 |b AUT |2 21 |
| 245 | 1 | 0 | |a Autores selectos de la mas pura latinidad |
| 300 | |a v 1 | ||
| 942 | |c BK | ||
| 945 | |d 19950713 00:00:00 |a rbrito | ||
| 260 | |a París |b Garnier Hermanos |c 1903 | ||
| 650 | 0 | |a Latín |9 269544 | |
| 650 | 0 | |a Enseñanza |9 256457 | |
| 583 | |a last modification |c 19950713 00:00:00 |k Rodrigo Vera | ||
| 999 | |c 236267 |d 236265 | ||
| 952 | |0 0 |1 0 |4 0 |6 470_070000000000000_AUT_1903 |7 0 |8 P |9 244292 |a BIBEDU |b BIBEDU |c BIBEDU_PB |d 2019-11-18 |i 3098052 |o 470.07 AUT 1903 |p 3098052 |r 2024-01-25 |w 2019-11-18 |y BK |k FIL | ||